書生現形記 : 儒林外史

資料類型: Book 圖書   書目號:32798

Leader xxxxxxxxxx
001 __ PCLIS00032798
005 __ 20220317095339.0
009 __ |a(CIP)87012498
010 0_ |a957-13-2702-6|b平裝|dNT$200
050 __ |a100915138
100 __ |a19980915d1998    m  y0chiy09      e
101 0_ |achi
102 __ |atw
105 __ |ay   z   000ad
200 1_ |a書生現形記|e儒林外史|f楊昌年編撰|g[(清)吳敬梓原著]
205 __ |a四版
210 __ |a臺北市|c時報文化出版|a[臺北縣]三重市|c發達文化總經銷|d1998[民87]
215 0_ |a[14], 302面|d21公分
225 2_ |a中國歷代經典寶庫|v36
260 1_ |a1998
300 __ |a本館最新館藏為2001年4刷
410 _0 |12001 |a中國歷代經典寶庫|v36
517 1_ |a儒林外史|zchi
605 __ |2csh|a儒林外史|x通俗作品
681 __ |a857.44|b8657
681 __ |a857.44|b8657 87
681 __ |a857.44|b8353|v增訂七版|yv.36 87
700 _1 |a|b昌年|f1930- |4編撰
702 _1 |s|a|b敬梓|f1701-1754|4原著
801 _0 |acw|b中圖|c19990302|gCCR
801 _1 |atw|b內湖高中|c20030616|gCCR
801 _2 |atw|b內湖高中|c20220317|gCCR
詳細館藏 1-2 筆 (共 2 筆)
索 書 號登 錄 號冊次號館別 / 館藏地流通類型狀態加入預約清單電子資源
857.44 / 8657 1013930  圖書館 / 一樓普通區 可外借30天 在館   
857.44 / 8657 2016096  圖書館 / 一樓普通區 可外借30天 在館   

| 條列資料




目錄查詢 分類查詢 個人資料 圖書薦購 新書查詢 閉館日 排行榜 更多電子資源 Hami書城 線上資料庫 登出

From : 216.73.217.52

  本日流通累計至 15:25:52 借閱 : 0 次 續借 : 0 次 歸還 : 0 次 預約 : 0 次 電子資源 : 0 次


內湖高中圖書館  PCLIS 版本  26.5.0.12